|
|
|
|
| LEADER |
01062nam a2200265 a 4500 |
| 001 |
1214524 |
| 008 |
090817s1999 enk b 001 0 eng d |
| 010 |
|
|
|a 99036775
|
| 020 |
|
|
|a 0521649900 (pbk.)
|
| 040 |
|
|
|a DLC
|c DLC
|d DLC
|
| 082 |
0 |
0 |
|a 418/.0071/5
|2 21
|
| 100 |
1 |
|
|a McKay, Heather,
|d 1950-
|
| 245 |
1 |
0 |
|a Teaching adult second language learners /
|c Heather McKay, Abigail H. Tom.
|
| 260 |
|
|
|a Cambridge ;
|a New York :
|b Cambridge University Press,
|c 1999.
|
| 300 |
|
|
|a viii, 234 p. ;
|c 23 cm.
|
| 490 |
0 |
|
|a Cambridge handbooks for language teachers
|
| 504 |
|
|
|a Includes bibliographical references (p. 231-232) and indexes.
|
| 541 |
1 |
|
|e 00015687
|
| 650 |
|
0 |
|a Language and languages
|x Study and teaching.
|
| 650 |
|
0 |
|a Second language acquisition.
|
| 650 |
|
0 |
|a Adult education.
|
| 700 |
1 |
|
|a Tom, Abigail,
|d 1941-
|
| 852 |
4 |
|
|a Ayesha Abed Library
|j General Shelf.
|
| 999 |
|
|
|c 3444
|d 3444
|
| 952 |
|
|
|0 0
|1 0
|2 ddc
|4 0
|6 418_007150000000000_MCK_2003
|7 0
|9 3127
|a BRACUL
|b BRACUL
|c GEN
|d 2009-09-01
|l 4
|m 15
|o 418.00715 MCK
|p 3010015687
|r 2017-04-05
|s 2017-01-23
|t 1
|w 2009-09-01
|y BK
|